| 000 | 00868nas a2200277 4500 | ||
|---|---|---|---|
| 001 | BR7803977 | ||
| 003 | BR-BrBNA | ||
| 005 | 20231205083456.0 | ||
| 007 | ta | ||
| 008 | 230509b bl.|||p| |||| 00| 00por d | ||
| 040 |
_aBR-BrBNA _bpor _cBiblioteca Nacional de Agricultura |
||
| 041 | _a(Pt) | ||
| 072 | _aF00; E70 | ||
| 110 | 1 |
_aCentro de Planejamento da Bahia, Salvador (Brasil) _91652 |
|
| 245 | 1 | _aComportamento do setor agropecuario [Lavoura; Comercializacao; Bahia; Brasil] | |
| 650 | _aProducao vegetal | ||
| 650 | _aComercializacao | ||
| 650 | _aLavoura | ||
| 650 | _aSafra | ||
| 650 | _aExportacao | ||
| 650 | _aProducao | ||
| 650 | _aBahia | ||
| 773 | 0 |
_tAnalise Conjuntural - Centro de Planejamento da Bahia (Brazil) _xISSN 0100-0144 _g(Jan 1978), v. 5(1) p. 11-19 _wBR7803977 |
|
| 909 |
_a202311 _bLúcia _c55 _dLúcia Elande |
||
| 942 |
_2AGRIS _n0 _cANA |
||
| 999 |
_c99038 _d99038 |
||